<?xml version="1.0" encoding="UTF-8"?>
<collection xmlns="http://www.loc.gov/MARC21/slim">
  <record>
    <leader>00000nam  2200000   4500</leader>
    <controlfield tag="001">INLIS000000000015938</controlfield>
    <controlfield tag="005">20231002032741</controlfield>
    <datafield tag="035" ind1="#" ind2="#">
      <subfield code="a">0010-1023000020</subfield>
    </datafield>
    <controlfield tag="007">ta</controlfield>
    <controlfield tag="008">231002################|##########|#|##</controlfield>
    <datafield tag="084" ind1="#" ind2="#">
      <subfield code="a">R 139 PIM II 2022</subfield>
    </datafield>
    <datafield tag="100" ind1=" " ind2="#">
      <subfield code="a">Taufiqurrakhman</subfield>
    </datafield>
    <datafield tag="245" ind1="1" ind2="#">
      <subfield code="a">Strategi Kolaboratif Sebagai Upaya Optimalisasi Restorative Justice dalam Rangka Penegakkan Hukum /</subfield>
      <subfield code="c">Taufiqurrakhman</subfield>
    </datafield>
    <datafield tag="250" ind1="#" ind2="#">
      <subfield code="a">1</subfield>
    </datafield>
    <datafield tag="260" ind1="#" ind2="#">
      <subfield code="a">Jakarta :</subfield>
      <subfield code="b">Pusbangkom Pimnas dan Manajerial ASN,</subfield>
      <subfield code="c">2022</subfield>
    </datafield>
    <datafield tag="300" ind1="#" ind2="#">
      <subfield code="a">200 halaman :</subfield>
      <subfield code="b">ilus ;</subfield>
      <subfield code="c">30 cm</subfield>
    </datafield>
    <datafield tag="650" ind1="#" ind2="4">
      <subfield code="a">Restorative Justice</subfield>
    </datafield>
    <datafield tag="520" ind1="#" ind2="#">
      <subfield code="a">Peningkatan peran pembimbing kemasyarakatan juga dilakukan dengan memberikan penguatan melalui kegiatan sosialisasi tentang peran pembimbing kemasyarakatan dan penyusunan buku pedoman tentang penerapan Restorative Justice bagi tersangka dewasa yang dapat digunakan sebagai acuan bagi Pembimbing kemasyarakatan terkait perannya dalam pelaksanaan restorative justice baik pada tahap pra ajudikasi hingga post ajudikasi melalui pelaksanaan penelitian kemasyarakatan yang dapat digunakan sebagai bahan pertimbangan aparat penegak hukum dalam pelaksanaan restorative justice pada tersangka di tahap penyidik, penuntutat dan persidangan, sehingga pidana penjara bukan menjadi satupsaunya penghukuman yang diberikan kepada pelanggar hukum.</subfield>
    </datafield>
    <datafield tag="856" ind1="#" ind2="#">
      <subfield code="a">Perpustakaan LAN Pusat</subfield>
    </datafield>
    <datafield tag="990" ind1="#" ind2="#">
      <subfield code="a">139</subfield>
    </datafield>
  </record>
</collection>
